00456nam a2200145Ia 4500008004100000020001400041041000800055082001600063100002200079245010800101250000600209260004500215300001700260650003300277210716s2009 xx 000 0 und d a195686136 aeng a004.22 PARB aParhami, Behrooz. aComputer architecture: from microprocessors to supercomputers.bFrom microprocessors to supercomputers. a1 aNew DelhibOxford University Pressc2009 axix,556/2010 aComputer Arch., Org.(004.22)